Szakoktatók a tűzvonalban – Innováció, fejlődés és a jövő szakembereinek formálása

Bibliográfiai részletek
Szerző: Marosán József
További közreműködők: Csulak Gergely
Dokumentumtípus: Diplomadolgozat
Kulcsszavak:digitalizáció
lifelong learning
szakoktatás
tanárképzés
vendéglátás
Online Access:http://dolgozattar.uni-bge.hu/59895

MARC

LEADER 00000nta a2200000 i 4500
001 dolg59895
005 20260409145718.0
008 260409suuuu hu om 000 hun d
040 |a BGE Dolgozattár Repozitórium  |b hun 
041 |a hu 
100 1 |a Marosán József 
245 1 0 |a Szakoktatók a tűzvonalban – Innováció, fejlődés és a jövő szakembereinek formálása  |c Marosán József  |h [elektronikus dokumentum] 
520 3 |a A dolgozat célja annak vizsgálata volt, hogyan járulhat hozzá az innováció, a digitális pedagógia és az intézményi támogatás a szakoktatók szakmai megújulásához a vendéglátás szakképzésében. A kutatás során részletes szakirodalmi áttekintést végeztem, valamint primer kutatást is folytattam egy kérdőív segítségével, amely a szakterületen dolgozó oktatók tapasztalatait és véleményét tárta fel.A digitális eszközök és módszertanok alkalmazása, valamint az élményszerű, projektalapú tanulás bevezetése jelentősen növeli a tanulók elköteleződését és felkészültségét, azonban ezek bevezetése csak akkor lehet sikeres, ha megfelelő intézményi háttér és szakmai támogatás áll rendelkezésre. 
695 |a digitalizáció 
695 |a lifelong learning 
695 |a szakoktatás 
695 |a tanárképzés 
695 |a vendéglátás 
700 1 |a Csulak Gergely  |e ths 
856 4 0 |u http://dolgozattar.uni-bge.hu/59895/1/Szakdolgozat-Innov%C3%A1ci%C3%B3%2C%20fejl%C5%91d%C3%A9s%20%C3%A9s%20a%20j%C3%B6v%C5%91%20szakembereinek%20form%C3%A1l%C3%A1sa-nyilatkozattal.pdf  |z Dokumentum-elérés 
856 4 0 |u http://dolgozattar.uni-bge.hu/59895/2/Maros%C3%A1n%20J%C3%B3zsef-MYO0U3-Szakoktat%C3%B3%20BA%20b%C3%ADr%C3%A1lati%20lap%202025_CsG.pdf  |z Dokumentum-elérés 
856 4 0 |u http://dolgozattar.uni-bge.hu/59895/3/Szakoktat%C3%B3%20BA%20b%C3%ADr%C3%A1lati%20lap%202025%20Maros%C3%A1n%20J%C3%B3zsef%201.pdf  |z Dokumentum-elérés